| 000 | 00538nam a2200181 4500 | ||
|---|---|---|---|
| 003 | OSt | ||
| 005 | 20240620075023.0 | ||
| 006 | a | ||
| 008 | 240620b |||||||| |||| 00| 0 eng d | ||
| 040 |
_aDWCL-HMN lib. _cOC |
||
| 082 | _aCirc. 641.5954 S774 2002 | ||
| 110 | _aSakantula Karunasiri | ||
| 245 | _aSri Lanka : tastes sensation : one hundred popular recipes / | ||
| 260 |
_aManila : _bEmbassy of Sri Lanka , _cc2002. |
||
| 300 |
_bno paging : ill. ; _c16 cm. |
||
| 650 | _a1. Cooking - Sri Lanka. | ||
| 942 |
_2ddc _n0 _cBK-CIRC _kCirc. |
||
| 999 |
_c1008 _d1008 |
||